Die Wörter für 'Weisheit' im Akkadischen
| Main Author: | |
|---|---|
| Format: | Print Article |
| Language: | German |
| Check availability: | HBZ Gateway |
| Interlibrary Loan: | Interlibrary Loan for the Fachinformationsdienste (Specialized Information Services in Germany) |
| Published: |
1983
|
| In: |
Meqôr ḥayyîm
Year: 1983, Pages: 89-105 |
| RelBib Classification: | TC Pre-Christian history ; Ancient Near East |
| Further subjects: | B
Wisdom
B Weisheit <Begriff> B Akkadian language |
MARC
| LEADER | 00000caa a22000002c 4500 | ||
|---|---|---|---|
| 001 | 1444343181 | ||
| 003 | DE-627 | ||
| 005 | 20240703204232.0 | ||
| 007 | tu | ||
| 008 | 121113s1983 gw ||||| 00| ||ger c | ||
| 020 | |a 3201012300 | ||
| 035 | |a (DE-627)1444343181 | ||
| 035 | |a (DE-576)374343187 | ||
| 035 | |a (DE-599)BSZ374343187 | ||
| 040 | |a DE-627 |b ger |c DE-627 |e rakwb | ||
| 041 | |a ger | ||
| 044 | |c XA-DE | ||
| 084 | |a 1 |2 ssgn | ||
| 100 | 1 | |0 (DE-588)1038075203 |0 (DE-627)756634377 |0 (DE-576)392092859 |4 aut |a Galter, Hannes D. |d 1954- | |
| 109 | |a Galter, Hannes D. 1954- |a Galter, Hannes Dietmar 1954- |a Galter, Hannes 1954- | ||
| 245 | 1 | 4 | |a Die Wörter für 'Weisheit' im Akkadischen |c Hannes D. Galter |
| 264 | 1 | |c 1983 | |
| 336 | |a Text |b txt |2 rdacontent | ||
| 337 | |a ohne Hilfsmittel zu benutzen |b n |2 rdamedia | ||
| 338 | |a Band |b nc |2 rdacarrier | ||
| 601 | |a Weisheit | ||
| 650 | 0 | 7 | |0 (DE-588)4065203-8 |0 (DE-627)106120239 |0 (DE-576)209157240 |a Weisheit |2 gnd |
| 650 | 0 | 7 | |0 (DE-588)4084837-1 |0 (DE-627)106064053 |0 (DE-576)209223626 |a Akkadisch |2 gnd |
| 650 | 4 | |a Weisheit <Begriff> | |
| 651 | 4 | |a Akkadisch | |
| 652 | |a TC | ||
| 773 | 0 | 8 | |i In |t Meqôr ḥayyîm |d Graz/Austria : Akad. Dr.- u. Verl.-Anst., 1983 |g (1983), Seite 89-105 |h 444 S. |w (DE-627)1651487510 |w (DE-576)022831258 |z 3201012300 |7 nnam |
| 773 | 1 | 8 | |g year:1983 |g pages:89-105 |
| 889 | |w (DE-576)518614573 | ||
| 889 | |w (DE-627)1588614573 | ||
| 935 | |a BIIN | ||
| 951 | |a AR | ||
| BIB | |a 1 | ||
| ELC | |b 1 | ||
| ITA | |a 1 |t 1 | ||
| LOK | |0 000 xxxxxcx a22 zn 4500 | ||
| LOK | |0 001 3723756875 | ||
| LOK | |0 003 DE-627 | ||
| LOK | |0 004 1444343181 | ||
| LOK | |0 005 20200712130010 | ||
| LOK | |0 008 200712||||||||||||||||ger||||||| | ||
| LOK | |0 040 |a DE-Tue135-1 |c DE-627 |d DE-Tue135-1 | ||
| LOK | |0 852 |a DE-Tue135-1 | ||
| LOK | |0 852 1 |m p |9 00 | ||
| LOK | |0 852 2 |b FTH 205-F61 MOLIN |9 00 | ||
| LOK | |0 935 |a inau | ||
| LOK | |0 938 |k p | ||
| LOK | |0 939 |a 12-07-20 |b l01 | ||
| LOK | |0 000 xxxxxcx a22 zn 4500 | ||
| LOK | |0 001 3058097654 | ||
| LOK | |0 003 DE-627 | ||
| LOK | |0 004 1444343181 | ||
| LOK | |0 005 20240703204232 | ||
| LOK | |0 008 190311||||||||||||||||ger||||||| | ||
| LOK | |0 035 |a (DE-Tue135-1)11113 | ||
| LOK | |0 040 |a DE-Tue135-1 |c DE-627 |d DE-Tue135-1 | ||
| LOK | |0 852 |a DE-Tue135-1 | ||
| LOK | |0 852 1 |c AT08160/GRH |m p |9 00 | ||
| LOK | |0 852 2 |b F 61 |9 00 | ||
| LOK | |0 935 |a iFSA | ||
| LOK | |0 936ln |0 1442053569 |a TC | ||
| LOK | |0 938 |k p | ||
| LOK | |0 939 |a 11-03-19 |b l12 | ||
| ORI | |a SA-MARC-ixtheoa001.raw | ||
| REL | |a 1 | ||
| STA | 0 | 0 | |a Akkadian language,Wisdom,Wisdom,Prudence |
| STB | 0 | 0 | |a Akkadien,Sagesse,Sagesse |
| STC | 0 | 0 | |a Acádio,Sabiduría,Sabiduría |
| STD | 0 | 0 | |a Accadico,Sapienza,Sapienza |
| STE | 0 | 0 | |a 智慧 |
| STF | 0 | 0 | |a 智慧,阿卡德語 |
| STG | 0 | 0 | |a Acádio,Sabedoria,Sabedoria |
| STH | 0 | 0 | |a Аккадский (язык),Мудрость (мотив),Мудрость |
| STI | 0 | 0 | |a Ακκαδική γλώσσα,Σοφία (μοτίβο),Σοφία |
| SUB | |a BIB |a REL | ||
| SYE | 0 | 0 | |a Lebensweisheit , Assyrisch-Babylonisch,Babylonisch-Assyrisch,Ostsemitisch |
| SYF | 0 | 0 | |a Assyrisch-Babylonisch,Babylonisch-Assyrisch,Ostsemitisch |



